Aquatic animals & plants by picture - Statistics

General Stats
  • This quiz has been taken 175 times
    168 since last reset
  • The average score is 9 of 13
Answer Stats
Picture Answer % Correct
octopus
97%
seahorse
95%
crab
94%
squid
91%
killer whale
87%
sea urchin
86%
shrimp
83%
catfish
81%
seaweed
70%
roe
36%
scallop
33%
flatfish
25%
turbo cornutus
2%
No matching quizzes found
Score Distribution
Percent of People with Each Score
Percentile by Number Answered
Your Score History
You have not taken this quiz since the last reset